00359nam a2200121 a 4500008004100000050001500041110002500056245006500081260003900146300001300185350000900198650003000207100628s2010 ||||||||||||||||| || u aBOZ(05)MPS aBank Of Zambia (BOZ)10aBank of Zambia monetary policy statement January - June 2010 aLusakabBank of Zambia (BOZ)c2010 aiv, 24p. a0.00 aBANKS AND BANKING--ZAMBIA